| 000 | 00461nam a22001697a 4500 | ||
|---|---|---|---|
| 003 | NUST | ||
| 005 | 20230313182621.0 | ||
| 008 | 230313b ||||| |||| 00| 0 eng d | ||
| 020 | _a978-3030194239 | ||
| 022 | _2978-3030194239 | ||
| 040 |
_aDLC _bDLC _cDLC |
||
| 082 |
_2307.1216 GEE _a307.1216 _bGEE |
||
| 245 | _aComputational Urban Planning and Management for Smart Cities | ||
| 250 | _a1st Ed | ||
| 260 |
_aSwitzerland _bSpringer _c2019 |
||
| 942 |
_2ddc _cBK |
||
| 999 |
_c593654 _d593654 |
||